|
|
|
|
| LEADER |
00000nas a2200000 a 4500 |
| 001 |
ssj0002535 |
| 003 |
WaSeSS |
| 005 |
20200512172242.0 |
| 006 |
m d |
| 007 |
cr n |
| 008 |
020625c19669999mauqr p s go 0 a0eng c |
| 010 |
|
|
|a 2002213648
|
| 016 |
7 |
|
|a 2066683-4
|2 DE-600
|
| 016 |
7 |
|
|a 012434267
|2 Uk
|
| 022 |
|
|
|a 1540-5893
|y 0023-9216
|
| 035 |
|
|
|a (WaSeSS)ssj0002535
|
| 037 |
|
|
|b Blackwell Publisher, 350 Main St., Malden, MA 02148
|
| 040 |
|
|
|a NSD
|b eng
|c NSD
|d OCLCQ
|d EYM
|d OCL
|d OCLCQ
|d BUF
|d OCLCS
|d BUF
|d UQ1
|d DLC
|d OCLCQ
|d OCLCO
|d OCLCF
|d OCLCO
|d OCLCQ
|d DEBBG
|d OCLCQ
|d TOF
|d AU@
|d UKMGB
|d OCLCQ
|d VT2
|d NJT
|d WaSeSS
|
| 042 |
|
|
|a pcc
|a nsdp
|
| 043 |
|
|
|a n-us-ca
|
| 050 |
1 |
4 |
|a K12
|
| 082 |
1 |
0 |
|a 340
|2 14
|
| 082 |
0 |
4 |
|a 340.11505
|
| 130 |
0 |
|
|a Law & society review (Online)
|
| 222 |
|
0 |
|a Law & society review
|b (Online)
|
| 245 |
1 |
0 |
|a Law & society review
|h [electronic resource].
|
| 246 |
3 |
|
|a Law and society review
|
| 260 |
|
|
|a Beverly Hills, Calif. :
|b Sage Publications for the Law and Society Association,
|c 1966-
|
| 260 |
3 |
|
|3 <June 2011> :
|a Malden, MA :
|b John Wiley & Sons
|
| 310 |
|
|
|a Quarterly,
|b 1969-
|
| 321 |
|
|
|a Two issues a year,
|b 1966-
|
| 321 |
|
|
|a 3 issues a year,
|b -1968
|
| 362 |
0 |
|
|a Vol. 1, no. 1 (Nov. 1966)-
|
| 500 |
|
|
|a Title from title screen (JSTOR, viewed Feb. 11, 2004).
|
| 500 |
|
|
|a Publisher varies: Law and Society Association, Aug. 1971-
|
| 500 |
|
|
|a Place of publication varies.
|
| 506 |
|
|
|a License restrictions may limit access.
|
| 538 |
|
|
|a Mode of access: World Wide Web.
|
| 588 |
|
|
|a Latest issue consulted: Vol. 45, no. 2 (June 2011) (Wiley Online Library, viewed Jun. 30, 2011).
|
| 650 |
|
0 |
|a Sociological jurisprudence
|v Periodicals.
|
| 650 |
|
7 |
|a Sociological jurisprudence.
|2 fast
|0 (OCoLC)fst01123856
|
| 650 |
1 |
7 |
|a Droit.
|2 rasuqam
|
| 650 |
|
7 |
|a Société
|2 rasuqam
|
| 650 |
|
7 |
|a Sociologie du droit.
|2 rasuqam
|
| 655 |
|
0 |
|a Electronic journals.
|
| 710 |
2 |
|
|a Law & Society Association.
|
| 776 |
1 |
|
|t Law & society review
|x 0023-9216
|w (DLC) 87647377
|w (OCoLC)1755580
|
| 780 |
0 |
0 |
|a Law & Society Association.
|s Newsletter (Online)
|
| 856 |
4 |
0 |
|z Full text available from Research Library: 01/01/1997 to present
|u https://search.proquest.com/publication/37836
|